000 00350nam a2200133Ia 4500
008 151001s9999||||xx |||||||||||||| ||und||
100 _aभाऊ पाध्ये
245 _aथोडी सी जो पी लो
250 _a1
260 _bसरस प्रकाशन
260 _c1986
300 _a164
365 _b18
999 _c967099
_d967096